02905nam a22003137a 450000500170000000700150001700800410003202000220007303500100009504000090010510000360011424501750015025600240032526000330034930000280038250015510041050602700196165000350223165000400226665000390230665000220234565000290236765000220239665000340241865000400245265000200249274000380251285600410255020240305165628.0cr|||| |||| 220322s2018 eu |||||s|||| 00||0 spa d a978-84-9123-706-8 a33634 avLex1 aMartínez Gutiérrez, Ángel10aDenominaciones de origen e indicaciones geográficas en la Unión Europeah[Recurso electrónico] :bCinco lustros de luces y sombras /cÁngel Martínez Gutiérrez aServicio en línea aMadrid:bMarcial Pons,c2018 a1 recurso electrónico aEn 2017 se cumplieron veinticinco años de la aprobación en la Unión Europea de una tutela específica para las figuras de calidad ancladas al territorio aplicables a la práctica totalidad de los productos agroalimentarios. Aunque la preocupación del legislador comunitario por esta materia, limitada eso sí al ámbito vitivinícola, se retrotrae a una etapa anterior coincidente con los albores de la Unión Europea, ha sido a partir de 1992 cuando se inició un proceso de extensión productiva y armonización comunitaria que ha llegado hasta nuestros días. Se justifica así que, con ocasión de esta efeméride, la monografía aborde el estudio de los dos principales instrumentos normativos comunitarios actualmente vigentes en la Unión Europea, atendiendo a las aportaciones de la doctrina científica, así como a las decisiones administrativas y judiciales adoptadas dentro y fuera de España. Así pues, además de examinar los preceptos del Reglamento (UE) núm. 1308/2013 que han sido dedicados a los títulos de calidad vitivinícolas, analiza también el contenido del Reglamento (UE) núm. 1151/2012, que los regula de forma horizontal para todos los productos agroalimentarios, a excepción de las bebidas espirituosas y los productos vitivinícolas aromatizados, cuyas indicaciones geográficas encuentran su regulación en sendos regímenes jurídicos específicos que resultan tributarios de la normativa horizontal [Reglamento (CE) núm. 110/2008 y Reglamento (UE) núm. 251/2014].1 aDisponible solo en los productos indicadosdvLex GlobaldvLex Global (Academic Edition, excluding Law Schools)dvLex Global (U.S. Academic Edition, Law Schools)dvLex Global (U.S. Academic Edition, excluding Law Schools)dvLex Global (Academic Edition, Law Schools)04aPropiedad IndustrialzEspaña04aDerecho de la CompetenciazEspaña04aActividad AdministrativazEspaña04aSanidadzEspaña04aAlimentaciónzEspaña04aConsumozEspaña04aDerecho ComunitariozEspaña04aAgricultura y GanaderíazEspaña04aPescazEspaña0 avLex Libros (Servicio en línea)40uhttps://app.vlex.com/#/sources/33634